| 000 | 00644nam a22002057a 4500 | ||
|---|---|---|---|
| 003 | CUTN | ||
| 005 | 20260410105021.0 | ||
| 008 | 260410b |||||||| |||| 00| 0 eng d | ||
| 020 | _a9788197749667 | ||
| 041 | _aTamil | ||
| 082 |
_223rd _a894.8111 _bSEE |
||
| 100 | _aசீனு ராமசாமி | ||
| 245 | _aகாற்றால் நடந்தேன் | ||
| 250 | _aமுதற்பதிப்பு | ||
| 260 |
_aசென்னை: _bநியூ செஞ்சுரி புக் ஹவுஸ், _c2024. |
||
| 300 | _a96p., | ||
| 650 | _aகவிதைகள் | ||
| 700 | _aSeenu Ramasamy | ||
| 942 |
_2ddc _cTAM |
||
| 999 |
_c49334 _d49334 |
||